Central Library OPAC University of Rajshahi

Lucius Annaeus Florus Epitome of Roman history / (Record no. 28445)

MARC details
000 -LEADER
fixed length control field 01021cam a2200301ua 4500
001 - CONTROL NUMBER
control field 28445
003 - CONTROL NUMBER IDENTIFIER
rucl marc code BD-RjUL
005 - DATE AND TIME OF LATEST TRANSACTION
control field 20211209051302.0
008 - FIXED-LENGTH DATA ELEMENTS--GENERAL INFORMATION
fixed length control field 140330s1947 enk 001 0 eng d
035 ## - SYSTEM CONTROL NUMBER
System control number (BD-RjUL)28526
System control number (NNC)4489882
040 ## - CATALOGING SOURCE
Original cataloging agency *EUT*
Transcribing agency *EUT*
Modifying agency NNUT
-- CStRLIN
-- BD-RjUL
Language of cataloging eng
041 1# - LANGUAGE CODE
Language code of text/sound track or separate title englat
Language code of original lat
082 04 - DEWEY DECIMAL CLASSIFICATION NUMBER
Classification number 937
Author mark and year NEL 1947
090 ## - LOCALLY ASSIGNED LC-TYPE CALL NUMBER (OCLC); LOCAL CALL NUMBER (OCLC)
Classification number (OCLC) (R) ; Classification number, CALL (RLIN) (NR) PA3612.L2
Local cutter number (OCLC) ; Book number/undivided call number, CALL (RLIN) F567 1984
100 1# - MAIN ENTRY--PERSONAL NAME
Personal name Nepos, Cornelius
9 (RLIN) 87107
245 10 - TITLE STATEMENT
Title Lucius Annaeus Florus Epitome of Roman history /
Statement of responsibility, etc. Cornelius Nepos
260 ## - PUBLICATION, DISTRIBUTION, ETC. (IMPRINT)
Place of publication, distribution, etc. London :
Name of publisher, distributor, etc. W. Heinemann,
Date of publication, distribution, etc. 1947.
300 ## - PHYSICAL DESCRIPTION
Pagination xiv, 381, 8 p. ;
Size 17 cm.
490 #0 - SERIES STATEMENT
Series statement Loeb classical library. Latin authors
500 ## - GENERAL NOTE
General note Latin text with English translation on opposite pages.
504 ## - BIBLIOGRAPHY, ETC. NOTE
Bibliography, etc Bibliography: p. xiii; Bibliographical addendum: p. xiv. and Index
651 #0 - SUBJECT ADDED ENTRY--GEOGRAPHIC NAME
Geographic name Rome
General subdivision History
Chronological subdivision Republic, 510-30 B.C.
9 (RLIN) 74857
830 #0 - SERIES ADDED ENTRY--UNIFORM TITLE
Uniform title Loeb classical library.
942 ## - ADDED ENTRY ELEMENTS (KOHA)
Source of classification or shelving scheme Dewey Decimal Classification
Koha item type Books
Holdings
Lost status Source of classification or shelving scheme Damaged status Not for loan Collection code Permanent Location Current Location Shelving location Date acquired Source of acquisition Cost, normal purchase price Total Checkouts Full call number Date last seen Copy number Koha item type
  Dewey Decimal Classification   Added to bundle Non-fiction Central Library, University of Rajshahi Central Library, University of Rajshahi Reading Room 10/03/1955 SIMPKIN MARSHAL 15.50   937 NEL 1947 30/03/2014 C-1 Books